000
00326nam a2200145Ia 4500
100
_a
Gosling/ Joy/Steele
942
_c
BK
654
_a
Computer
245
_a
The Java Language Specification
260
_b
Addison Wesley Pub
_a
Reading
_c
1996
082
_a
5.133
_b
GOS
300
_a
825
546
_a
ENGLISH
999
_c
21377
_d
21377